000 004130000a22001690004500
003 MACL
005 20160108130940.0
008 160108b xxu||||| |||| 00| 0 eng d
040 _aMACL
_cMACL
041 _aEnglish
082 _a910/STA
100 _aBeaver, Stanley H.
_929654
245 _aA Regional Geography
260 _bLongmans
_c1960
_aLondon
650 _aGeography
_929655
942 _cBK
_k910/Sta
_2ddc
999 _c35488
_d35488